Covalent Compound Prefixes - Statistics

General Stats
  • This quiz has been taken 38 times
  • The average score is 7 of 12
Answer Stats
Hint Answer % Correct
Three atoms tri
100%
Two atoms di
97%
One atom mono
90%
Six carbons hex
81%
Five carbons pent
77%
Four atoms tetra
68%
Five atoms penta
65%
Six atoms hexa
55%
Two carbons eth
29%
One carbon meth
29%
Four carbons but
26%
Three carbons prop
26%
No matching quizzes found
Score Distribution
Percent of People with Each Score
Percentile by Number Answered
Your Score History
You have not taken this quiz